| 000 | 00509nam a2200181Ia 4500 | ||
|---|---|---|---|
| 999 |
_c13939 _d13939 |
||
| 003 | OSt | ||
| 005 | 20201027102657.0 | ||
| 008 | 190216s9999||||xx |||||||||||||| ||und|| | ||
| 020 | _a9780586092286 | ||
| 040 | _coclc | ||
| 082 |
_a823.914 _bLES/L |
||
| 100 |
_aLessing, Doris _95713 |
||
| 245 | 0 |
_aLove, Again / _cDoris Lessing |
|
| 260 |
_bFlamingo , _c1996. _aLondon: |
||
| 300 | _a339p | ||
| 650 | _aEnglish Novel-English Novel | ||
| 942 |
_cBK _2ddc _h823.914 _iLES/L _k823.914 _mLES/L |
||